zpět

Detail výsledku týmu

Zkušebna, Frýdek-Místek

Datum a čas kvízu

7 Celkem bodů Celkový počet nahraných bodů na tomto kvízu bez doplňovacích otázek.
4. Pořadí na kvízu Konečné umístění týmu na tomto kvízu.

Zaznamenané odpovědi

# Otázka Odpověď Body Výsledky
1. Dle rozhodnutí soudu z minuléh... Tomio Okamura 1
2. Slovenská policie minulý týden... Robert Fico, Robert Kaliňák 0.5
3. Společnost Mattel vydala u pří... královna Alžběta II. 0
4. Jedna z českých nápojářských z... Kofola 0
5. Která bývalá úspěšná sportovky... Maria Šarapovová 0
6. Tímto tématem navazujeme v naš... B 0
7. Na lícní straně dvacetikoruny... zahynout nám i budoucím 0
8. V loňském roce oslavila své dv... Met Gala 0
9. Protonové číslo dvacet má vápn... alabastr 0
10. Dne 13. prosince roku 1920 zal... Haribo 0